000 01130nam a22002537a 4500
005 20170124102937.0
010 _aA-802849
020 _c75.00
_a8170680581
035 _aA-802849
037 _bCen Lib/Ret
040 _aDPL
_bHN
082 _a363.2
_bकपूर
100 _aकपूर, सुभाषिणी
_947149
245 _aपुलिस और महिलाएं :
_cसुभाषिणी कपूर
_bमहिलाओं का पुलिस में योगदान /
246 _aPolice aur mahilayen : mahilayon ka police mei yogdaan /
_bby Subhashini Kapoor
260 _aदिल्ली
_bपंकज प्रकाशन
_c1996
270 _aसी-8/158ए, लारेंस रोड
_bदिल्ली
_e110035
300 _a144पृ.
_c17सेमी (असजिल्द)
650 _aपुलिस प्रशासन
_947150
650 _aमहिलाओं की भागीदारी
_947151
650 _aPolice Administration
_910226
650 _aWomen participation
_947152
942 _2ddc
_cHN
_h363.2
_mकपूर
999 _c112374
_d112374